In the Chinese City: Perspectives on the Transmutations of an Empire (Record no. 13570)
[ view plain ]
| 000 -LEADER | |
|---|---|
| fixed length control field | 00293 a2200085 4500 |
| 020 ## - INTERNATIONAL STANDARD BOOK NUMBER | |
| International Standard Book Number | 9788496954496 |
| 100 ## - MAIN ENTRY--PERSONAL NAME | |
| Personal name | Danielle Elisseff , Chiu Che Bing, Arnaud Laffage and Frederic Edelmann |
| 245 ## - TITLE STATEMENT | |
| Title | In the Chinese City: Perspectives on the Transmutations of an Empire |
| 260 ## - PUBLICATION, DISTRIBUTION, ETC. | |
| Name of publisher, distributor, etc. | ActarD Inc |
| Date of publication, distribution, etc. | 2008 |
| Withdrawn status | Lost status | Source of classification or shelving scheme | Damaged status | Not for loan | Permanent Location | Current Location | Date acquired | Source of acquisition | Cost, normal purchase price | Barcode | Date last seen | Cost, replacement price | Price effective from | Koha item type |
|---|---|---|---|---|---|---|---|---|---|---|---|---|---|---|
| BMS College of Architecture, Design and Planning | BMS College of Architecture, Design and Planning | 2025-09-11 | 10 | 2702.00 | AR-UG4385 | 2025-09-11 | 3860.00 | 2025-09-11 | UG Books |